| 000 | 00463nam a2200157 a 4500 | ||
|---|---|---|---|
| 001 | 000006100 | ||
| 005 | 20200929151928.0 | ||
| 008 | 090826s1930 dr 000 0 spa d | ||
| 040 |
_aDO-SdBNP _bspa _cBNPHU |
||
| 082 |
_axxx _bR426r |
||
| 110 | 1 |
_aRepública Dominicana _9447 |
|
| 245 | 1 | 0 | _aReglamento interior del senado de la República Dominicana. |
| 260 |
_aSanto Domingo : _bJ. R. Vda. García Sucesores, _c1930. |
||
| 300 |
_a44 p. ; _c23 cm. |
||
| 049 | _aBNPD | ||
| 999 |
_c5896 _d5896 |
||